000 00385nam a2200145Ia 4500
008 151015s9999 xx 000 0 und d
020 _a70657378
050 _aTA 405 U43 1991
245 _aUgural A.C
250 _a_Mechanics of materials
300 _aUSA McGraw-Hill 1991
500 _aIncludes index
650 _a_Strength of materials
700 _a^d20130531 09:09:54^oanne
999 _c5026
_d5026